Pavle J. Šafarik o novoj srpskoj književnosti

Bibliographic Details
Main Author: Kostić, Djordje S., 1947 (Author)
Other Authors: Samardžić, Radovan, 1922-1994
Format: Book
Language:Serbian
PhysicalDescription:229 s. faks. 24 cm
Published: Beograd Srpska akademija nauka i umetnosti 1988
ISBN:8671790029
Series:Posebna izdanja / Srpska akademija nauka i umetnosti, Balkanološki institut
Subjects:

MARC

LEADER 00000cam a2200000 a 4500
001 vtls001157379
003 SK-MaSNL
005 20260301112019.0
008 251029s1988 rb h f ni 00000 srp
015 |a SNBZSA1988 
020 |a 8671790029  |q (brož.) 
035 |a SNK000100281 
035 |a urn:nbn:sk:snk-am3hnq2 
035 |a 593B360E-1785-4569-8B27-02A50DDA2F54 
035 |a urn:nbn:sk:snk-am00cvyz 
040 |a SNK  |b slo  |c SNK  |e AACR2 
041 0 |a srp  |b ger 
044 |a rb  |c RS 
080 |a 80  |2 2001 
080 |a (497.11)  |2 2001 
080 |a (048.8)  |2 2001 
100 1 |a Kostić, Djordje S.,  |d 1947  |4 aut  |9 348696 
245 1 0 |a Pavle J. Šafarik o novoj srpskoj književnosti  |c Djordje S. Kostić ; odgovorni urednik Radovan Samardžić 
246 3 1 |a Pavle J. Šafarik über die neue serbische Literatur 
260 |a Beograd  |b Srpska akademija nauka i umetnosti  |c 1988 
300 |a 229 s.  |b faks.  |c 24 cm 
366 |e 1000 výt. 
490 1 |a Posebna izdanja / Srpska akademija nauka i umetnosti, Balkanološki institut  |v knj. 34 
504 |a Bibliogr. odkazy ; Reg. 
546 |a Res. srbs. a nem. 
600 1 7 |a Šafárik, Pavol Jozef,  |d 1795-1861  |2 SNKMA  |9 85839 
648 7 |a 19. storočie  |2 SNKPH  |9 277854 
650 0 7 |a filológia  |2 SNKPH  |9 861 
651 7 |a Srbsko  |2 SNKPH  |9 31535 
655 7 |a štúdie  |2 SNKPH  |9 57033 
700 1 |a Samardžić, Radovan,  |d 1922-1994  |9 452075 
830 0 |a Posebna izdanja / Srpska akademija nauka i umetnosti, Balkanološki institut  |9 452076 
919 |a 86-7179-002-9 
954 |a odborná, vedecká literatúra cudzojazyčná (svetová)  |2 lita 
958 |a EUIPO 
958 |a ZS 
958 |a DE 
958 |a SS 
958 |a NB 
958 |a OND 
999 |c 709149  |d 711079 
952 |t P60, <04>, [BOOK], {604}  |a SNK  |b SNK  |y VYP  |7 0  |p 17A0333340  |o snkSC 79560 D1  |i snkV 1561/92  |0 0  |1 0  |4 0  |d 2002-02-11  |f 1  |l 0  |r 2005-01-01 00:00:00  |w 2026-02-23 
952 |a SNK  |b SNK  |y PREZ  |7 0  |p 17A0994018  |o snkSC 79560   |0 0  |1 0  |4 0  |d 2012-08-09  |l 0  |r 2026-02-23 21:26:40  |w 2026-02-23